|
|
|
|
| LEADER |
00000nab a2200000u 4500 |
| 001 |
vtls012069677 |
| 003 |
SK-MaSNL |
| 005 |
20260305003814.0 |
| 008 |
210920|19611202xo ||||||| ||00 ||slo| |
| 038 |
|
|
|a KEVKJB
|
| 040 |
|
|
|a KEVKJB
|b slo
|e rda
|
| 041 |
0 |
|
|a slo
|
| 043 |
|
|
|a e-xo---
|
| 044 |
|
|
|a xo
|c SK
|
| 072 |
|
7 |
|a 792
|x Divadlo. Divadelné predstavenia
|2 konspekt
|
| 080 |
|
|
|a 792.5
|2 2011
|
| 100 |
1 |
|
|a Čížek, Lubomír,
|d 1932-2019
|4 aut
|9 263084
|
| 245 |
1 |
0 |
|a O Bohéme a Traviate
|b dve pekné predstavenia
|c Ľubomír Čížek
|
| 336 |
|
|
|a text
|b txt
|2 rdacontent
|
| 337 |
|
|
|a bez média
|b n
|2 rdamedia
|
| 338 |
|
|
|a zväzok
|b nc
|2 rdacarrier
|
| 600 |
1 |
7 |
|a Puccini, Giacomo,
|d 1858-1924
|t Bohéma
|2 kevkjb
|9 29385
|
| 600 |
1 |
7 |
|a Verdi, Giuseppe,
|d 1813-1901
|t Traviata
|2 kevkjb
|9 29296
|
| 610 |
2 |
7 |
|a Štátne divadlo Košice.
|b Opera
|2 SNKKA
|9 125500
|
| 650 |
0 |
7 |
|a opery
|2 SNKPH
|9 3214
|
| 651 |
|
7 |
|a Košice (Slovensko)
|2 SNKPHgeo
|9 18694
|
| 773 |
0 |
|
|t Východoslovenské noviny
|g Roč. X., č. 289 (2.12.1961), s. 4
|
| 852 |
|
|
|a KEVKJB
|b KIS3GCP
|
| 958 |
|
|
|a RC
|
| 999 |
|
|
|c 3232425
|d 3234355
|